00649nab a2200193uuc4500001000800000005001700008008004100025035001200066040001300078041000800091100004500099245008900144260001000233650002400243650002800267650002400295650002600319773011000345133582720240202112436.0130711s2013 spa  a1335827 ccomduadb aspa10aCasas Arango, Germán Ignacio4auteaut10aNegocios inclusivos : innovación para cocrear valor con la base de la pirámide c2013. aInnovación social aReduccion de la pobreza aCreación de valor 7aNuevas empresas2lemb0 tObservar : Informe de Coyuntura Social (Medellin)gNo. 28, Jun. 2013, p. 59-63w719288x1692-49590233286